Süslü hayatlar / (Record no. 14056)

MARC details
000 -BAŞLIK
Sabit Uzunlukta Kontrol Alanı 00659nam a22002177a 4500
999 ## - SİSTEM KONTROL NUMARALARI (KOHA)
Koha Biblionumber 14056
Koha Biblioitemnumber 14056
003 - KONTROL NUMARASI IDENTIFIER
Denetim Alanı MIRAKIL
005 - SON İŞLEM TARİHİ VE ZAMANI
Denetim Alanı 20200916164158.0
008 - SABİT-BOY VERİ ELEMANLARI - GENEL BİLGİLER
Sabit Uzunlukta Kontrol Alanı 200916b tu ||||| |||| 00| 0 tur d
040 ## - KATALOGLAMA KAYNAK
Orijinal Kataloglama Ajansı TR-AnCHP
Metne Dönüştürmek Ajansı TR-AnCHP
041 ## - DİL KODU
Metin / Ses Parça Veya Ayrı Başlığın Dil Kodu tur
082 ## - DEWEY ONLU SINIFLANDIRMA NUMARASI
Sınıflandırma Numarası 843.7
Ürün Numarası B24s 1983
100 ## - ANA GİRİŞ - KİŞİSEL İSİM
Kişisel Ad Balzac, Honoré de
245 10 - BAŞLIK TABLOSU
Başlık Süslü hayatlar /
Sorumluluk Tablosu, Vb Honoré de Balzac ; çeviren Vahdet Gültekin.
250 ## - EDITION TABLOSU
Baskı Beyanı 2 bs.
260 ## - YAYIN, DAĞITIM, VB
Yayın, Dağıtım, Vb Yeri İstanbul :
Yayıncı, Dağıtıcı, Vs Adı Anıt Yayınları,
Yayın, Dağıtım, Vb Tarihi 1983.
300 ## - FİZİKSEL TANIM
Kapsam 307 s. ;
Boyutlar 20 sm.
490 0# - SERİSİ TABLOSU
Seri Beyanı Anıt Yayınları;
-- Klasik Edebiyat Dizisi;
Hacim / Ardışık Tanımı 9.
650 #0 - KONU KATMA GİRİŞ - TOPİKAL DÖNEM
9 (RLIN) 5051
Topikal Süreli Veya Coğrafi Ad Giriş Elemanı Fransız Edebiyatı
Genel Alt Bölümü Roman
700 ## - KATMA GİRİŞ - KİŞİSEL İSİM
9 (RLIN) 6079
Kişisel Ad Gültekin, Vahdet
Relator Terim çev.
942 ## - EKLENDİ GİRİŞ ELEMANLARI (KOHA)
Sınıflandırma Veya Raf Düzeni Kaynak Dewey Decimal Classification
Koha Öğesi Türü Books
Holdings
Kalıcı Konum Mevcut Konum Edinme Tarihi Toplam Check-Out'Lar Tam Çağrı Numarası Barkod Tarih Son Görülme Tarihi Geçen Teslim Tekdüzen Kaynak Tanımlayıcı İtibaren Geçerli Fiyatlar Sigara Kamu Notu Koha Öğesi Türü
CHP Kütüphanesi CHP Kütüphanesi 09/16/2020 1 843.7 B24s 1983 019561 01/20/2023 12/07/2022 c.1 09/16/2020 Emine Başak Alkan Bağışıdır. Books